Manual de redacción / Guillermo (Registro nro. 30239)

Detalles MARC
000 -LEADER
fixed length control field 00340nam a22001337a 4500
003 - CONTROL NUMBER IDENTIFIER
control field OSt
005 - DATE AND TIME OF LATEST TRANSACTION
control field 20230801222939.0
008 - FIXED-LENGTH DATA ELEMENTS--GENERAL INFORMATION
fixed length control field 230801b |||||||| |||| 00| 0 eng d
040 ## - CATALOGING SOURCE
Transcribing agency CO-JMCR
082 04 - DEWEY DECIMAL CLASSIFICATION NUMBER
Classification number G /
Item number MONm
100 10 - MAIN ENTRY--PERSONAL NAME
Personal name Montagut, Guillermo,
9 (RLIN) 42908
245 ## - TITLE STATEMENT
Title Manual de redacción / Guillermo
Statement of responsibility, etc. Guillermo Montagut
942 ## - ADDED ENTRY ELEMENTS (KOHA)
Source of classification or shelving scheme Dewey Decimal Classification
Koha item type Books

No hay ítems disponibles.